THE ROLE OF FDI IN TRANSITION ECONIMIES THE CASE STUDY OF GEORGIA

Bibliographic Details
Main Author: Mtchedlishvili Ms Ana
Other Authors: Tölgyessy Péterné Sass Dr. Magdolna
Format: Thesis
Kulcsszavak:FDI
Georgia
Role
Online Access:http://dolgozattar.uni-bge.hu/20653

MARC

LEADER 00000nta a2200000 i 4500
001 dolg20653
005 20190506101241.0
008 190506suuuu hu om 000 eng d
040 |a BGE Dolgozattár Repozitórium  |b hun 
041 |a en 
100 1 |a Mtchedlishvili Ms Ana 
245 1 4 |a THE ROLE OF FDI IN TRANSITION ECONIMIES  |b THE CASE STUDY OF GEORGIA  |c Mtchedlishvili Ms Ana  |h [elektronikus dokumentum] 
246 1 1 |a THE ROLE OF FDI IN TRANSITION ECONIMIES: THE CASE STUDY OF GEORGIA 
695 |a FDI 
695 |a Georgia 
695 |a Role 
700 1 |a Tölgyessy Péterné Sass Dr. Magdolna  |e ths 
856 4 0 |u http://dolgozattar.uni-bge.hu/20653/1/Ana%20Mtchedlishvili.pdf  |z Dokumentum-elérés